Normal view
MARC view
Entry Topical Term
001 - CONTROL NUMBER
- control field: 4803
003 - CONTROL NUMBER IDENTIFIER
- control field: OSt
005 - DATE AND TIME OF LATEST TRANSACTION
- control field: 20150804175517.0
008 - FIXED-LENGTH DATA ELEMENTS
- fixed length control field: 150804|| aca||aabn | a|a d
040 ## - CATALOGING SOURCE
- Original cataloging agency: OSt
- Transcribing agency: OSt
150 ## - HEADING--TOPICAL TERM
- Topical term or geographic name entry element: Education
670 ## - SOURCE DATA FOUND
- Source citation: Work cat.: (OSt)6443: Dutta, Dr, Mrinal Kanti 4802, The Origin And Development of the West Bengal Board of Secondary Education, 1988









